Flags of Countries/Territories That Fly To Singapore - Statistics

General Stats
  • This quiz has been taken 6 times
  • The average score is 49 of 50
Answer Stats
Picture Answer % Correct
Australia
100%
Austria
100%
Bahrain
100%
Bangladesh
100%
Belgium
100%
Bhutan
100%
Brunei
100%
Cambodia
100%
Canada
100%
China
100%
Denmark
100%
East Timor/Timor-Leste
100%
Ethiopia
100%
Fiji
100%
Finland
100%
France
100%
Germany
100%
Greece
100%
India
100%
Indonesia
100%
Italy
100%
Japan
100%
Laos
100%
Malaysia
100%
Maldives
100%
Mongolia
100%
Myanmar
100%
Nepal
100%
Netherlands
100%
New Zealand
100%
Oman
100%
Papua New Guinea
100%
Philippines
100%
Qatar
100%
Saudi Arabia
100%
South Africa
100%
South Korea
100%
Spain
100%
Sri Lanka
100%
Switzerland
100%
Taiwan
100%
Thailand
100%
Türkiye
100%
UK
100%
United Arab Emirates
100%
United States of America
100%
Vietnam
100%
Hong Kong
83%
New Caledonia
83%
Macao
67%
No matching quizzes found
Score Distribution
Percent of People with Each Score
Percentile by Number Answered
Your Score History
You have not taken this quiz